Welcome to CU Library Online Public Access Catalogue (OPAC)

Management and control of public funds / (Record no. 2779)

MARC details
000 -LEADER
fixed length control field 00491cam a2200169 a 4500
001 - CONTROL NUMBER
control field 13346957
005 - DATE AND TIME OF LATEST TRANSACTION
control field 20250122114608.0
008 - FIXED-LENGTH DATA ELEMENTS--GENERAL INFORMATION
fixed length control field 030430s2003 gh b 000 0 eng
020 ## - INTERNATIONAL STANDARD BOOK NUMBER
International Standard Book Number 9988813201
050 00 - LIBRARY OF CONGRESS CALL NUMBER
Classification number HJ2184.8
Item number .S38 2003
100 1# - MAIN ENTRY--PERSONAL NAME
Personal name Scott, George Kojo.
245 10 - TITLE STATEMENT
Title Management and control of public funds /
Statement of responsibility, etc. G.K. Scott.
260 ## - PUBLICATION, DISTRIBUTION, ETC.
Place of publication, distribution, etc. [Accra :
Name of publisher, distributor, etc. s.n.],
Date of publication, distribution, etc. 2003
Place of manufacture (Accra :
Manufacturer New Times Corp.)
300 ## - PHYSICAL DESCRIPTION
Extent x, 140, [3] p. ;
Dimensions 24 cm.
650 #0 - SUBJECT ADDED ENTRY--TOPICAL TERM
Topical term or geographic name entry element Budget
Geographic subdivision Ghana.
942 ## - ADDED ENTRY ELEMENTS (KOHA)
Source of classification or shelving scheme Library of Congress Classification
Koha item type Books
Suppress in OPAC No
999 ## -
-- 2779
-- 2779
Holdings
Withdrawn status Lost status Source of classification or shelving scheme Damaged status Not for loan Collection Home library Current library Shelving location Date acquired Total checkouts Full call number Barcode Date last seen Copy number Price effective from Koha item type
    Library of Congress Classification     Non-fiction Undergraduate Library (Christ Temple) Undergraduate Library (Christ Temple) General stacks 01/22/2025   HJ2184.8 SCO ulct00000863 01/22/2025 1 01/22/2025 Books
© 2023-2024 Copyright: Central University Libraries. All Rights Reserved | Created by: Mahone Tech Office